| 000 | 01362nam a2200289Ia 4500 | ||
|---|---|---|---|
| 008 | 130821s2011 mx gr spa | ||
| 020 | _a9786073205566 | ||
| 040 |
_aCo-BoUCM _bspa |
||
| 041 | 0 | 0 | _aspa |
| 245 | 1 | 0 |
_aAdministración de servicios estrategias para la creación de valor en el nuevo paradigma de los negocios _cChristopher Lovelock ... [y otros autores]. ; traducción Miguel Ángel Sánchez Carrión, Pilar Mascaró Sacristán, Jaime Gómez Mont Ariza ; colaboración técnica Karla Verónica Cabrera Martínez |
| 250 |
_a2a. ed. _beditor Guillermo Domínguez Chávez. |
||
| 260 |
_aMéxico D.F. (México) _bPearson _c2011 |
||
| 300 | _axxii, 957 páginas | ||
| 504 | _aIncluye bibliografías e índice. | ||
| 650 | 0 | 4 |
_aAdministración de empresas _9435 |
| 650 | 0 | 4 |
_aIndustria de servicios _xMercadeo _917422 |
| 650 | 0 | 4 |
_aMercadeo de servicios _919313 |
| 650 | 0 | 4 |
_aProfesiones _xMercadeo _922472 |
| 700 | 1 |
_aCabrera Martínez, Karla Verónica. _9160895 |
|
| 700 | 1 |
_aDomínguez Chávez, Guillermo _eeditor _976852 |
|
| 700 | 1 |
_aGómez Mont Ariza, Jaime _etraductor _939214 |
|
| 700 | 1 |
_aLovelock, Christopher H. _9108535 |
|
| 700 | 1 |
_aMascaró Sacristán, Pilar _etraductor _948550 |
|
| 700 | 1 |
_aSánchez Carrión, Miguel Ángel _etraductor _966682 |
|
| 942 |
_cLIBRO _a16 _e2 _mA238 _2DEWEY _h658.8 |
||
| 999 |
_c41021 _d41021 |
||